[Event "Senta op 20th"]
[Site "Senta"]
[Date "2016.07.26"]
[Round "6"]
[White "Szirovicza, Alex"]
[Black "Brocilovic, Stefan"]
[Result "0-1"]
[WhiteElo "1610"]
[BlackElo "1303"]
[PlyCount "80"]
[EventDate "2016.07.22"]
[EventType "swiss"]
[EventRounds "9"]
[EventCountry "SRB"]
[SourceTitle "EXT 2017"]
[Source "ChessBase"]
[SourceDate "2016.10.25"]
[SourceVersion "1"]
[SourceVersionDate "2016.10.25"]
[SourceQuality "1"]

1. e4 c5 2. Nf3 e6 3. d4 cxd4 4. Qxd4 Nc6 5. Qe3 d6 6. Bd3 Nf6 7. h3 Be7 8. 0-0 0-0 9. Nc3 h6 10. b3 Bd7 11. Bb2 a6 12. Rad1 Qc7 13. Rc1 Rfe8 14. Rfe1 d5 15. exd5 Nxd5 16. Nxd5 exd5 17. Qd2 Bb4 18. c3 Rxe1+ 19. Qxe1 Bd6 20. Qd2 Bf4 21. Qd1 Bxc1 22. Qxc1 Re8 23. Qd2 Ne5 24. Nxe5 Qxe5 25. c4 Qe1+ 26. Qxe1 Rxe1+ 27. Kh2 dxc4 28. Bxc4 Bb5 29. Bxb5 axb5 30. Kg3 Re2 31. Bd4 Rxa2 32. Bc5 Rc2 33. Be3 Rc3 34. b4 Rb3 35. Kf3 Rxb4 36. Ke2 Rc4 37. Kd3 Rc6 38. Bd4 f6 39. Bc3 Kf7 40. Kc2 b4 0-1